01378nam a2200349Ia 4500001001200000003000800012006001900020007001500039008004100054010001700095020001500112040002100127035002100148050002300169082001400192100002300206245011800229260005000347300002400397490004600421504006400467533015200531650003100683650002800714650002500742655002900767700002700796710001700823830004500840856012600885999001701011ebr10085575CaPaEBRm u cr cn|||||||||050429s2003 njua sb 001 0 eng d z 2005297683 z9810245920 aCaPaEBRcCaPaEBR a(OCoLC)22813657614aQA279b.S46 2003eb04a519.52221 aSengupta, Debasis.10aLinear modelsh[electronic resource] :ban integrated approach /cDebasis Sengupta, Sreenivasa Rao Jammalamadaka. aRiver Edge, N.J. :bWorld Scientific,cc2003. axxi, 622 p. :bill.1 aSeries on multivariate analysis ;vvol. 6 aIncludes bibliographical references (p. 587-606) and index. aElectronic reproduction.bPalo Alto, Calif. :cebrary,d2009.nAvailable via World Wide Web.nAccess may be limited to ebrary affiliated libraries. 0aLinear models (Statistics) 0aAnalysis of covariance. 0aRegression analysis. 7aElectronic books.2local1 aJammalamadaka, S. Rao.2 aebrary, Inc. 0aSeries on multivariate analysis ;vv. 6.40uhttp://site.ebrary.com/lib/rucke/Doc?id=10085575zAn electronic book accessible through the World Wide Web; click to view c49728d49728